Alternatívny transfer rizika

Uložené v:
Podrobná bibliografia
Hlavný autor: Pinda, Ľudovít, 1958-
Médium: Kniha
Jazyk:Slovak
Vydavateľské údaje: Bratislava [Katedra matematiky FHI EU] 2010
Predmet:
Tagy: Pridať tag
Žiadne tagy, Buďte prvý, kto otaguje tento záznam!

MARC

LEADER 00000nam$a2200000$$$4500
001 0112131
005 20240502072237.6
041 0 |a slo 
044 |a SK 
245 1 0 |a Alternatívny transfer rizika  |c Ľudovít Pinda 
264 1 |a Bratislava  |b [Katedra matematiky FHI EU]  |c 2010 
610 2 0 |a riziko poistné 
610 2 0 |a poistenie 
610 2 0 |a zaistenie 
610 2 0 |a matematika poistná 
100 1 |a Pinda, Ľudovít, 1958-